00691naa#a2200181#i#4500001001500000005001700015011001400032100004100046101000800087102000700095200017100102210005700273215001000330608004500340700005200385700005800437856001400495RU\\bibl\1459720260513175714.3##a1609-3178##a20151215b2015####ek#y0rusy0150####ca0#aRUS##aRU1#aАвтоматизированный сканер для внешнетрубного неразрушающего контроляeЖурнальная статья1#aСанкт-ПетербургcООО СВЕНd2015##a4 с.##aЖурнальная статья2local#1aЧижиковgМихаил Андреевич#1aЖуковgНиколай Александрович4#azh-szf.ru